Statistiques concernant Quiz One Piece: Saga Alabasta

Cliquez ici pour prendre le quiz!

Statistiques générales

  • Ce quiz a été pris 216 fois
  • Le résultat moyen est 8 sur 15

Statistiques - réponses

QuestionRéponse% Correct
Selon Hiluluk, quand est-ce qu'un homme meurt ?Quand on ne se souvient plus de lui ?
88%
Comment se nomme le fruit de Mister 3 ?Cyro-Fruit
81%
Quel est le nom de code de Vivi ?Miss Wednesday
81%
Qu'est ce qui a forcé Wapol à prendre la mer ?L'attaque de Barbe Noire
62%
Combien de temps Crocodile accorde-t-il à Luffy pour le 1er round du combat ?3 minutes
61%
Qui capture Bonclay ?Hina
61%
Comment se nomme la falaise qui sépare le monde en deux ?Red Line
61%
Quelle est la prime de Crocodile ?81.000.000,00 Berries
57%
Qui tiens le mieux l'alcool parmi les membres de l'équipage des chapeaux de paille ?Zoro
56%
Quelle couleur Miss Golden Week n'utilise pas ?Le blanc de la naïveté
52%
Quel est le nom de la maladie de Nami ?La maladie des 5 jours
50%
Comment se nomment les UnluckiesMister 13 et Miss Friday
45%
Qui ne fait pas partie de l'escadron des Super Canards ?Karasu
42%
Comment Luffy réussit à trouver le vrai Mister 3 ?Grace à l'instinct
34%
Combien de chapitres comporte la saga Alabasta ?117 chapitres
18%

Distribution des résultats

Percentile par nombre de réponses

% des personnes avec chaque résultat

Votre développement - résultats

Vous n’avez pas pris ce quiz